00500cam a22001572 4500001001100000005001700011008004100028020002800069040001500097100003000112245007400142250001200216260003500228300001600263650006300279000000025220151021151042.0070117s xx 000 0 eng d a8178081563 :cKES 2,700 aKABUcKABU1 aBooch, Grady.@000014834110aObject-oriented analysis and design with applications /cGrady Booch. a2nd ed. aDelhi :bPearson Educ.,c2000. axvi, 589 p. 0aObject oriented programming (Computer science)@0000148166